Old World... or New World? - Statistics

General Stats
  • This quiz has been taken 21,403 times
  • The average score is 18 of 24
Answer Stats
Question Answer % Correct
Cow Old World
92%
Pig Old World
91%
Horse Old World
91%
Rice Old World
91%
Chicken Old World
90%
Cat Old World
90%
Avocado New World
88%
Smallpox Old World
86%
Apple Old World
84%
Llama New World
83%
Corn New World
81%
Tomato New World
79%
Opium Old World
79%
Guinea pig New World
78%
Carrot Old World
76%
Cocoa New World
74%
Turkey New World
74%
Tobacco New World
74%
Chili peppers New World
74%
Potato New World
66%
Coffee Old World
56%
Vanilla New World
49%
Cannabis Old World
43%
Banana Old World
41%
No matching quizzes found
Score Distribution
Percent of People with Each Score
Percentile by Number Answered
Your Score History
You have not taken this quiz